00353nam a2200133Ia 45000010005000000080041000050820030000461000045000762450024001212600025001455900007001709010027001779990015002042422241024s9999 xx 000 0 und d aRD/350.7/AP644m/2004-2012 aAPORDOM (Autoridad Portuaria Dominicana) 0aMemorias 2004 -2012 bEd. Centenarioc2012 asi a28/8/2012 4:00:58 p.m. c9498d9498